000 00610nam a22002051a 4500
001 11093
003 OSt
005 20260204212227.0
008 101201s2007||||ck ||||||b||||||||||spa||
020 _a9789588311401
050 _a635 J28e
100 _aJaramillo Noreña, Jorge E.
245 _aEstrategias de producción limpia de hortaliza / Jorge E. Jaramillo Noreña y German Rios Gallego
264 _aColombia : Produmedios
300 _a95 p
500 _aIncluye bibliografías
650 _aHortalizas 2.Cultivos Hortalizas 3.Horticultura
700 _aRios Gallego, GermanÌ
942 _2ddc
_cBK
999 _c11093
_d11093